[Event "La Fere op 7th"]
[Site "La Fere"]
[Date "2008.07.06"]
[Round "2"]
[White "Coquelle, Gilbert"]
[Black "Caulier, Amaury"]
[Result "1/2-1/2"]
[WhiteElo "1780"]
[BlackElo "1600"]
[PlyCount "76"]
[EventDate "2008.07.05"]
[EventType "swiss"]
[EventRounds "9"]
[EventCountry "FRA"]
[SourceTitle "CBM 125 Extra"]
[Source "ChessBase"]
[SourceDate "2008.09.01"]
[SourceVersion "1"]
[SourceVersionDate "2008.09.01"]
[SourceQuality "1"]

1. d4 d5 2. c4 c6 3. cxd5 cxd5 4. h3 Nf6 5. Nf3 Nc6 6. Nc3 e6 7. a3 Be7 8. Bf4 a6 9. e3 Bd7 10. Bd3 0-0 11. 0-0 Nh5 12. Bh2 g6 13. Rc1 Rc8 14. Qd2 Na5 15. Qd1 Nc4 16. Bxc4 Rxc4 17. Ne5 Rc8 18. Nxd7 Qxd7 19. Qd2 Rc6 20. Ne2 Rfc8 21. Rxc6 Rxc6 22. Rc1 Nf6 23. Rxc6 Qxc6 24. Qc3 Qxc3 25. Nxc3 b5 26. b4 Bd8 27. Bd6 Nd7 28. Bc5 Bb6 29. Kf1 f5 30. Ke2 Bc7 31. f4 Kf7 32. Kd3 h6 33. h4 Kf6 34. g3 Kf7 35. a4 bxa4 36. Nxa4 Nb8 37. Kc3 g5 38. h5 g4 1/2-1/2